Historia de Molina y de su noble y muy leal Señorío / (Record no. 161971)

MARC details
000 -LEADER
campo de control de longitud fija 00563nam a2200157 i 4500
001 - NÚMERO DE CONTROL
campo de control 161971
003 - IDENTIFICADOR DE NÚMERO DE CONTROL
campo de control ES-MaACL
005 - FECHA Y HORA DE LA ÚLTIMA TRANSACCIÓN
campo de control 20230906212409.0
008 - DATOS DE LONGITUD FIJA--INFORMACIÓN GENERAL
campo de control de longitud fija 041025s1891 sp |||| | spa d
100 1# - ENTRADA PRINCIPAL--NOMBRE DE PERSONA
Nombre de persona Perruca Díaz, Mariano.
9 (RLIN) 131051
245 10 - MENCIÓN DEL TÍTULO
Título Historia de Molina y de su noble y muy leal Señorío /
Mención de responsabilidad, etc. por Mariano Perruca Diaz.
260 ## - PUBLICACIÓN, DISTRIBUCIÓN, ETC.
Lugar de publicación, distribución, etc. Teruel :
Nombre del editor, distribuidor, etc. [s.n.],
Fecha de publicación, distribución, etc. 1891 (
Fabricante Imp. de La Concordia, a cargo de Marín Hermanos)
300 ## - DESCRIPCIÓN FÍSICA
Extensión 166, [2] p. ;
Dimensiones 22 cm.
651 #4 - PUNTO DE ACCESO ADICIONAL DE MATERIA--NOMBRE GEOGRÁFICO
Nombre geográfico Molina de Aragón-
Subdivisión general Historia.
9 (RLIN) 137259
852 ## - LOCALIZACIÓN
Ubicación ES-MaACL
Número de control de estantería F-3468
Nota libre -- Enc. hol.
Holdings
Estatus retirado Estado de pérdida Estado de daño No para préstamo Colección Biblioteca de origen Biblioteca actual Ubicación en estantería Fecha de adquisición Fuente de adquisición Total de préstamos Signatura topográfica completa Código de barras Visto por última vez Precio de reemplazo Tipo de ítem Koha
        Libros del s. XIX Biblioteca del Ateneo de Madrid Biblioteca del Ateneo de Madrid Depósito 2 17/01/2008     F-3468 1169670 23/02/2023 23/02/2023 Libro impreso antiguo